戦艦の艦名にある旧国名 - Statistics

General Stats
  • This quiz has been taken 80 times
  • The average score is 6 of 22
Answers on the Grid
Answers color-coded by a green-red scale on the quiz's grid according to % correct below.
陸奥
陸中
陸前
羽後
羽前
岩代
磐城
常陸
下総
下野
上野
武蔵
上総
安房
相模
越後
佐渡
越中
能登
加賀
若狭
甲斐
信濃
美濃
飛騨
駿河
伊豆
遠江
尾張
三河
伊勢
伊賀
志摩
近江
山城
丹波
丹後
摂津
和泉
河内
播磨
但馬
淡路
大和
紀伊
因幡
伯耆
石見
出雲
隠岐
備前
備中
美作
備後
安芸
周防
長門
阿波
讃岐
伊予
土佐
筑前
筑後
豊前
肥前
壱岐
対馬
肥後
豊後
日向
薩摩
大隈
 
Answer Stats
Answer % Correct
陸奥
77%
大和
58%
武蔵
46%
加賀
42%
山城
42%
信濃
38%
伊勢
38%
長門
38%
土佐
31%
河内
27%
日向
27%
薩摩
23%
相模
15%
摂津
15%
周防
15%
石見
12%
安芸
12%
丹後
8%
紀伊
8%
肥前
4%
壱岐
4%
尾張
0%
No matching quizzes found
Score Distribution
Percent of People with Each Score
Percentile by Number Answered
Your Score History
You have not taken this quiz